Statistics for States Bordering Colorado

Click here to take the quiz!

General Stats

  • This quiz has been taken 14 times
  • The average score is 5 of 6

Answer Stats

Answer% Correct
Nebraska
93%
Wyoming
93%
Utah
86%
Kansas
79%
New Mexico
79%
Oklahoma
57%

Score Distribution

Percentile by Number Answered

Percent of People with Each Score

Your Score History

You have not taken this quiz